| 000 | 01398naa a2200349 c 4500 | ||
|---|---|---|---|
| 999 |
_c49063 _d49063 |
||
| 001 | 49063 | ||
| 003 | ES-MaCES | ||
| 005 | 20170322123228.0 | ||
| 008 | 170322s2016 sp ||||| t||||||| ||spa d | ||
| 040 |
_aES-MaCES _bspa _cES-MaCES _dES-MaCES |
||
| 100 | 1 |
_937941 _aCazorla González, María José |
|
| 245 | 1 | 0 |
_aMujer y discapacidad en el medio rural _b: una aproximación a la realidad jurídica del siglo XXI _cMaría José Cazorla González, Nuria Martínez Sánchez |
| 500 | _aResumen | ||
| 650 | 4 |
_929429 _amujeres rurales |
|
| 650 | 4 |
_928605 _azona rural |
|
| 650 | 4 |
_928445 _atrabajador rural |
|
| 650 | 4 |
_928413 _atrabajadora |
|
| 650 | 4 |
_928292 _amercado de trabajo |
|
| 650 | 4 |
_929521 _adiscriminación por razones de sexo |
|
| 650 | 4 |
_929672 _adiscriminación contra personas con discapacidad |
|
| 650 | 4 |
_929762 _adesigualdad rural-urbana |
|
| 650 | 4 |
_930147 _aigualdad de trato |
|
| 650 | 4 |
_927029 _apolítica social |
|
| 650 | 4 |
_930329 _apolítica familiar |
|
| 650 | 4 |
_927283 _aintegración social |
|
| 650 | 4 |
_929894 _arégimen jurídico |
|
| 653 | 1 | 0 | _aMujer |
| 700 | 1 |
_937942 _aMartínez Sánchez, Nuria |
|
| 773 | 0 |
_985839 _dMadrid (Ayala, 20, 28001) EDIASA _o088737 _tRevista de derecho agrario y alimentario _w(ES-MaCES)25431 _gaño 32, n. 69 (jul.-dic. 2016) {10422 R. 088737} ;p. 51-71 |
|
| 902 | _aART Artículo de revista | ||
| 942 |
_2CES _cAR _h3.3. |
||